| 000 | 00857nam a2200241 4500 | ||
|---|---|---|---|
| 003 | OSt | ||
| 005 | 20260530115310.0 | ||
| 008 | 260504b1973 nyua|||| |||| 00| 0 eng d | ||
| 040 |
_aICI _bspa _cICI |
||
| 041 | _aspa | ||
| 050 |
_aNC1800 _bI57 |
||
| 245 | 0 | 0 |
_aInternational poster annual = Panorama International de l'art de l'affiche =Internationales Plakatjahrbuch = Anuario internacional de carteles / _ced. Arthur Niggli |
| 246 | 3 | 0 | _aAnuario internacional de carteles |
| 264 | 1 |
_aNiederteufen : _bA. Niggli, _c1973 |
|
| 300 |
_a138 páginas _bilustraciones |
||
| 336 |
_atexto _2rdacontent |
||
| 337 |
_asin medio _2rdamedia |
||
| 338 |
_avolumen _2rdacarrier |
||
| 500 | _aTexto en ingles, francés, alemán y español | ||
| 650 | 4 |
_aCarteles _vPublicaciones periódicas _932721 |
|
| 700 | 1 |
_aNiggli, Arthur, _eeditor _932722 |
|
| 942 |
_2lcc _cBK _n1 |
||
| 999 |
_c13320 _d13320 |
||